00541ntaaa2200193 45000030003000000050017000030080021000200400037000410820017000781000021000952450023001162500010001392600049001493000011001986500013002099420007002229990015002299520103002440120251027201410.00714s1973 ag 01  aAR-BaBNbspacAR-BaBNeaacrdRIC a225.9200 N81 aNorth, Brownlow  aEl rico y Lázaro a1 ed. aLondon : bThe Banner of Truth Trust, c1964 a118 p. aLázaro cBK c8534d8534 00104070aBPbBPd2025-10-27i22987l0o225.9200 N81p22987r2025-10-27 20:14:10w2025-10-27yBK